• 首页
  • 本馆介绍
  • 公告通知
  • 最新文献
  • 馆藏检索
  • 电子资源
  • 读者导购
  • 参考咨询
  • 我的图书馆
  • 登录
  • 详细信息显示
  • 放入我的书架
  • 预约/预借图书
  • 作者相关作品
  • 分类相关作品
  • 丛书相关作品
  • 出版社相关作品

书目信息

  • 表格格式
  • 工作单格式
  • 卡片格式
题名:
出口营销策略
    
 
作者: 黄泰山 , 冯斌 著
分册:  
出版信息: 北京   中国海关出版社  2008
页数: 221页
开本: 24cm
丛书名:
单 册:
中图分类: F752.62
科图分类:
主题词: 出口商品--市场营销学--中国 , 出口商品 , 市场营销学
电子资源:
ISBN: 978-7-80165-459-5
000 01026nam0 2200289 45
001 1029960894
005 20100428150218.73
010    @a978-7-80165-459-5@dCNY32.00
100    @a20100420d2008 em y0chiy50 ea
101 0  @achi
102    @aCN@b110000
105    @ay z 000yy
106    @ar
200 1  @a出口营销策略@AChu Kou Ying Xiao Ce Lue@f黄泰山,冯斌著@FHuang Tai Shan, Feng Bin Zhu
210    @a北京@c中国海关出版社@d2008
215    @a221页@d24cm
312    @a封面英文题名:Export Marketing Tactics
330    @a本书阐述了现在的出口环境、出口营销关键成功因素、出口企业的策略选择、AIDA:销售漏斗策略、USP:独特卖点策略、互联网策略、如何制定年度营销计划、销售与团队管理等内容。
510 1  @aExport Marketing Tactics@zeng
606 0  @a出口商品@x市场营销学@y中国
606 0  @a出口商品
606 0  @a市场营销学
690    @aF752.62@v4
701  0 @a黄泰山@AHuang Tai Shan@g(营销咨询)@4著
701  0 @a冯斌@AFeng Bin@g(营销学)@4著
801  0 @aCN@bTANGWEI@c20100428
905    @b0594905-09@dF752.62@e30@f5
    
    出口营销策略/黄泰山,冯斌著.-北京:中国海关出版社,2008
    221页;24cm
    
    
    ISBN 978-7-80165-459-5:CNY32.00
    本书阐述了现在的出口环境、出口营销关键成功因素、出口企业的策略选择、AIDA:销售漏斗策略、USP:独特卖点策略、互联网策略、如何制定年度营销计划、销售与团队管理等内容。
●
相关链接 在E读中查询图书 在五车中查询图书 在当当中查询图书 在豆瓣中查询图书


正题名:出口营销策略     索取号:F752.62/30         预约/预借

序号 登录号 条形码 馆藏地/架位号 状态 备注
1 0594905   205949054   第一样本阅览室/ [索取号:F752.62/30] 在馆    
2 0594906   205949063   第一借阅区/ [索取号:F752.62/30] 在馆    
3 0594907   205949072   第一借阅区/ [索取号:F752.62/30] 在馆    
4 0594908   205949081   第一借阅区/ [索取号:F752.62/30] 在馆    
5 0594909   205949090   第一借阅区/ [索取号:F752.62/30] 在馆    
唐山师范学院图书馆 欢迎您!
大连网信软件有限公司© 版权所有